00619nam a2200145 a 450000100100000000500170001000800410002704000250006824500920009326000550018530000350024071000760027595201050035199900170045600002898720250226113147.0110413s1988 dr ac 000 0 spa d aDO-SdBNPbspacBNPHU00aZonas francas industriales : importante aporte al desarrollo socioeconómico nacional. aSanto Domingo :bCFIbEditora Alfa y Omega,c1988. a21 p. :bil., retrs. ;c28 cm.2 aCorporación de Fomento Industrial de la República Dominicana936784 0010718PDaPDbPDcCTd2011-04-13iLF1l0o p28987-10r2020-06-25w2020-06-25yLFPDZNo se presta c28479d28479